Online Catalogue and eLibrary

The World of Muslim Women in Colonial Bengal, (Record no. 5953)

MARC details
000 -LEADER
fixed length control field 00526cam a2200205 a 4500
001 - CONTROL NUMBER
control field 2105257
005 - DATE AND TIME OF LATEST TRANSACTION
control field 20250120031709.0
008 - FIXED-LENGTH DATA ELEMENTS--GENERAL INFORMATION
fixed length control field 960416s1996 ne a b 001 0 eng
020 ## - INTERNATIONAL STANDARD BOOK NUMBER
ISBN 9004106421
040 ## - CATALOGING SOURCE (பட்டியலாக்க மூலம்)
Original cataloging agency DLC
Transcribing agency DLC
Modifying agency DLC
082 00 - DDC Classification
Class No. 305.4
DDC Edition Number 7058
Item Number - Author Mark AMI
100 1# - MAIN ENTRY--PERSONAL NAME
Personal name Amin, S. N
245 14 - TITLE STATEMENT
Title The World of Muslim Women in Colonial Bengal,
Statement of responsibility, etc. 1876-1939
260 ## - PUBLICATION, DISTRIBUTION, ETC.
Place of publication, distribution, etc. Leiden
-- New York
Name of publisher, distributor, etc. E.J. Brill
Date of publication, distribution, etc. 1996.
300 ## - PHYSICAL DESCRIPTION
Extent (e.g. Volumes, Pages etc.) xxii, 313 p.,
650 #0 - SUBJECT ADDED ENTRY--TOPICAL TERM
Topical term or geographic name entry element Women
650 #0 - SUBJECT ADDED ENTRY--TOPICAL TERM
Topical term or geographic name entry element Muslim women
650 #0 - SUBJECT ADDED ENTRY--TOPICAL TERM
Topical term or geographic name entry element Colonialism
942 ## - Koha item type (Biblio)
Koha item type Books in Stacks (Lending)
Holdings
Lost status Damaged status Collection code Home library Current library Date acquired Full call number Accession Number Item type
    Lending WERC Library WERC Library 01/20/2025 305,4 AMI 7058 Books in Stacks (Lending)

© WERC Library